000 00775nam a2200229 4500
005 19720619000000.0
008 700904s1969 enka b 001 0 eng a
010 _aENG-92922
020 _c80.00
_a9788189840792
035 _aEN-76455
037 _bDBAD / PUB
040 _adpl
_bEnglish
082 _a004
100 _aRaj Kumar, M.
245 _aBasics of computer concepts /
_cby M. Raj Kumar
260 _aErode
_bPallavi Publications
_c2008
270 _a194, Kanna Complex, Mettur Road,
_bErode
_e11
300 _a128p.
_c21cm (pbk)
500 _aIncludes references
942 _2ddc
_cEN
_mRAJ
_h004
999 _c23316
_d23316